Fajčenie na pracovisku

Zákon č. 377/2004 Z. z. o ochrane nefajčiarov v z. n. p. upravujúci podmienky ochrany ľudí pred vznikom závislosti od nikotínu a pred škodlivými účinkami fajčenia. Povinnosti zamestnávateľov. Zákaz fajčenia v určených inštitúciách a priestoroch. Inštitúcie zabezpečujúce kontrolu dodržiavania zákona...

ver descrição completa

Na minha lista:
Detalhes bibliográficos
Autor principal: Mrukviová Tomiová, Sandra
Formato: Capítulo de Livro
Idioma:eslovaco
Assuntos:
Tags: Adicionar Tag
Sem tags, seja o primeiro a adicionar uma tag!

MARC

LEADER 00000naa a2200000 4500
001 0248625
005 20181106092448.2
041 0 |a slo 
044 |a SK 
245 1 0 |a Fajčenie na pracovisku  |c Sandra Mrukviová Tomiová 
520 |a Zákon č. 377/2004 Z. z. o ochrane nefajčiarov v z. n. p. upravujúci podmienky ochrany ľudí pred vznikom závislosti od nikotínu a pred škodlivými účinkami fajčenia. Povinnosti zamestnávateľov. Zákaz fajčenia v určených inštitúciách a priestoroch. Inštitúcie zabezpečujúce kontrolu dodržiavania zákona o ochrane nefajčiarov. 
610 2 0 |a ochrana zdravia 
610 2 0 |a pracovisko 
610 2 0 |a inštitúcie verejnoprávne 
610 2 0 |a inštitúcie vzdelávacie 
610 2 0 |a inštitúcie kultúrne 
610 2 0 |a legislatíva 
610 2 0 |a tabak 
610 2 0 |a zamestnanci 
610 2 0 |a zamestnávatelia 
100 1 |a Mrukviová Tomiová, Sandra